Central Library OPAC University of Rajshahi

রমাপ্রসাদ চন্দ : (Record no. 71583)

MARC details
000 -LEADER
fixed length control field 01076nam a22002657a 4500
001 - CONTROL NUMBER
control field 71583
003 - CONTROL NUMBER IDENTIFIER
rucl marc code BD-RjUL
005 - DATE AND TIME OF LATEST TRANSACTION
control field 20211209082131.0
008 - FIXED-LENGTH DATA ELEMENTS--GENERAL INFORMATION
fixed length control field 170506s1988 bg a|||| |||| 00| 0 ben d
020 ## - INTERNATIONAL STANDARD BOOK NUMBER
Terms of availability : Tk. 15.00
035 ## - SYSTEM CONTROL NUMBER
System control number (BD-RjUL)71799
040 ## - CATALOGING SOURCE
Original cataloging agency BD-RjUL
Language of cataloging ben
Transcribing agency BD-RjUL
041 ## - LANGUAGE CODE
Language code of text/sound track or separate title ben
082 ## - DEWEY DECIMAL CLASSIFICATION NUMBER
Edition number 23
Classification number 907.202092
Author mark and year CHR 1988
100 1# - MAIN ENTRY--PERSONAL NAME
Personal name চৌধুরী, সাইফুদ্দিন
9 (RLIN) 119393
245 10 - TITLE STATEMENT
Title রমাপ্রসাদ চন্দ :
Remainder of title ১৮৭৩-১৯৪২ /
Statement of responsibility, etc. সাইফুদ্দিন চৌধুরী.
260 ## - PUBLICATION, DISTRIBUTION, ETC. (IMPRINT)
Place of publication, distribution, etc. ঢাকা :
Name of publisher, distributor, etc. বাংলা একাডেমী,
Date of publication, distribution, etc. ১৯৮৮.
300 ## - PHYSICAL DESCRIPTION
Pagination ৬৫ পৃ. :
Illustrations চিত্র ;
Size ২২ সেমি.
490 ## - SERIES STATEMENT
Series statement জীবনী গ্রন্থমালা
600 ## - SUBJECT ADDED ENTRY--PERSONAL NAME
Personal name চন্দ, রমাপ্রসাদ
Dates associated with a name ১৮৭৩-১৯৪২
General subdivision জীবনী
Personal name Chand, Ramaprasad
Dates associated with a name 1873-1942
General subdivision Biography
650 ## - SUBJECT ADDED ENTRY--TOPICAL TERM
Topical term or geographic name as entry element Historians
9 (RLIN) 211816
830 ## - SERIES ADDED ENTRY--UNIFORM TITLE
Uniform title জীবনী গ্রন্থমালা
942 ## - ADDED ENTRY ELEMENTS (KOHA)
Source of classification or shelving scheme Dewey Decimal Classification
Koha item type Books
Holdings
Lost status Source of classification or shelving scheme Damaged status Not for loan Collection code Permanent Location Current Location Shelving location Date acquired Source of acquisition Cost, normal purchase price Total Checkouts Full call number Date last seen Copy number Koha item type
  Dewey Decimal Classification   Not For Loan Non-fiction Central Library, University of Rajshahi Central Library, University of Rajshahi Reading Room 12/06/1990 Dhaka, Bangla Academy 45.00   B 907.202092 CHR 1988 06/05/2017 C-1 Books